LEADER 01426nas 2200457-a 450 001 9910395474003321 005 20160414032510.6 011 $a1609-1159 035 $a(OCoLC)55042905 035 $a(CKB)111077820651190 035 $a(CONSER)--2004257060 035 $a(EXLCZ)99111077820651190 100 $a20040428b19932005 s-- - 101 0 $aeng 135 $aurcn||||||||| 181 $ctxt$2rdacontent 182 $cc$2rdamedia 183 $acr$2rdacarrier 200 10$aDiffusion 210 $aGrand-Saconnex (Geneva), Switzerland $cEuropean Broadcasting Union 311 $a1021-3465 517 1 $aDiffusion EBU 606 $aTelevision broadcasting$zEurope$vPeriodicals 606 $aRadio broadcasting$zEurope$vPeriodicals 606 $aPublic broadcasting$zEurope$vPeriodicals 606 $aPublic broadcasting$2fast$3(OCoLC)fst01082080 606 $aRadio broadcasting$2fast$3(OCoLC)fst01087224 606 $aTelevision broadcasting$2fast$3(OCoLC)fst01146714 607 $aEurope$2fast 608 $aPeriodicals.$2fast 615 0$aTelevision broadcasting 615 0$aRadio broadcasting 615 0$aPublic broadcasting 615 7$aPublic broadcasting. 615 7$aRadio broadcasting. 615 7$aTelevision broadcasting. 712 02$aEuropean Broadcasting Union. 906 $aJOURNAL 912 $a9910395474003321 996 $aDIFFUSION$9134703 997 $aUNINA LEADER 03757 am 2200853 n 450 001 9910518205803321 005 20211104 010 $a2-493207-07-6 024 7 $a10.4000/books.africae.2677 035 $a(CKB)4100000012394572 035 $a(FrMaCLE)OB-africae-2677 035 $a(oapen)https://directory.doabooks.org/handle/20.500.12854/87143 035 $a(PPN)260400017 035 $a(EXLCZ)994100000012394572 100 $a20220117j|||||||| ||| 0 101 0 $afre 135 $auu||||||m|||| 181 $ctxt$2rdacontent 182 $cc$2rdamedia 183 $acr$2rdacarrier 200 10$aHistoire et civilisation du Soudan $eDe la préhistoire à nos jours /$fOlivier Cabon 210 $aParis, Khartoum $cAfricae$d2021 215 $a1 online resource (??-955 p.) 225 1 $aAfricae Studies 311 $a2-35848-092-4 327 $aHistoire du Soudan : des origines a? la chute du sultanat Fung / Claude Rilly -- Un sie?cle de fouilles arche?ologiques / Marc Maillot -- Le royaume de Me?re?o, un monde urbain -- L'i?le de Sai?, joyau arche?ologique / Vincent Francigny -- Le Soudan de 1820 a? nos jours / Bernard Franc?ois -- Au Soudan aujourd'hui / Odile Nicoloso. 330 $aLes pyramides de Méroé ont fait rêver des générations de voyageurs, mais le Soudan dont elles sont l?emblème demeure largement méconnu. D?où cet ouvrage encyclopédique, première synthèse sur les brillantes civilisations qui s?y sont succédé, de la préhistoire à la période contemporaine, marquée, malgré les difficultés, par une réelle fécondité artistique. Des spécialistes reconnus y font état des découvertes scientifiques les plus récentes ; il n?en est pas moins facile d?accès grâce à la clarté des contributions et à l?abondance de l?iconographie. Il est préfacé par l?auteur de Méroé et de Port-Soudan, Olivier Rolin. « Le Soudan est la laisse de haute mer des cultures méditerranéennes : difficilement atteint par la marée, il garde sur ses sables lointains ce qu?ailleurs le flux a depuis longtemps remporté. Mais on ne saurait réduire les cultures soudanaises à des imitations tardives et obstinées de concepts forgés en Égypte. Dans bien des domaines, elles ont innové ou porté à leur perfection des éléments empruntés et recombinés » (Claude Rilly). 606 $aArchaeology 606 $aSoudan 606 $aMéroé 606 $apréhistoire 606 $aNil 606 $apharaons 606 $aislam 606 $aNapata 606 $aDarfour 606 $aMahdiyya 607 $aSudan$xHistory 607 $aSudan$xCivilization 610 $aSoudan 610 $aMéroé 610 $apréhistoire 610 $aNil 610 $apharaons 610 $aislam 610 $aNapata 610 $aDarfour 610 $aMahdiyya 615 4$aArchaeology 615 4$aSoudan 615 4$aMéroé 615 4$apréhistoire 615 4$aNil 615 4$apharaons 615 4$aislam 615 4$aNapata 615 4$aDarfour 615 4$aMahdiyya 700 $aBeaumé$b Nicolas$01328149 701 $aCabon$b Olivier$01328150 701 $aFrancigny$b Vincent$01245324 701 $aFrançois$b Bernard$01328151 701 $aMaillot$b Marc$01305759 701 $aMusa Ibrahim$b Mohamed$01328152 701 $aNicoloso$b Odile$01328153 701 $aRahman Ali Mohamed$b Abdel$01328154 701 $aRilly$b Claude$0688433 701 $aRolin$b Olivier$0443827 701 $aCabon$b Olivier$01328150 801 0$bFR-FrMaCLE 906 $aBOOK 912 $a9910518205803321 996 $aHistoire et civilisation du Soudan$93038381 997 $aUNINA LEADER 03903nas 2201165-a 450 001 9910895215903321 005 20260218110853.0 035 $a(CKB)1000000000328392 035 $a(CONSER)---90644297- 035 $a(DE-599)ZDB2394175-3 035 $a(DE-599)2629996-3 035 $a(DE-599)2394175-3 035 $a(EXLCZ)991000000000328392 100 $a19900511b19892006 -a- b 101 0 $ager 181 $ctxt$2rdacontent 182 $cc$2rdamedia 183 $acr$2rdacarrier 200 00$aStatistisches Jahrbuch ... für das Ausland /$fStatistisches Bundesamt 210 $aStuttgart $cMetzler-Poeschel$d1989-2006 215 $a1 online resource 300 $aPublished: Wiesbaden : Statistisches Bundesamt, <1994>-2006. 300 $a"Destatis, wissen, nutzen," 2001-2006. 311 08$aPrint version: Statistisches Jahrbuch ... für das Ausland / 0938-1376 (DLC) 90644297 (OCoLC)21510511 517 1 $aStatistical yearbook ... for foreign countries 517 1 $aInternational statistical yearbook 531 0 $aStat. Jahrb. Ausl. 606 $aStatistics$vPeriodicals 606 $aAnnuaires$2eclas 606 $aPays tiers$2eclas 606 $aStatistique internationale$2eclas 606 $astatistics$2eurovocen 606 $aagricultural statistics$2eurovocen 606 $anational statistics$2eurovocen 606 $apopulation statistics$2eurovocen 606 $aelection$2eurovocen 606 $aeconomic statistics$2eurovocen 606 $afinancial statistics$2eurovocen 606 $aculture$2eurovocen 606 $aEU Member State$2eurovocen 606 $astatistique$2eurovocfr 606 $astatistique agricole$2eurovocfr 606 $astatistique nationale$2eurovocfr 606 $astatistique démographique$2eurovocfr 606 $aélection$2eurovocfr 606 $astatistique économique$2eurovocfr 606 $astatistique financière$2eurovocfr 606 $aculture$2eurovocfr 606 $aÉtat membre UE$2eurovocfr 606 $aStatistics$2fast$3(OCoLC)fst01132103 606 $aCompetition, International$xHistory$y20th century$xStatistics$vPeriodicals$2nli 606 $aGeography$vStatistics$2nli 606 $aGeography$vPeriodicals$2nli 606 $aPopulation$vStatistics$vPeriodicals$2nli 606 $aSTATISTICS$2unbist 606 $aGERMANY$2unbist 607 $aEurope$vStatistics$vPeriodicals 607 $aJapan$vStatistics$vPeriodicals 607 $aAllemagne$2eclas 607 $aEurope$2fast 607 $aJapan$2fast 608 $aPeriodicals.$2fast 608 $aStatistics.$2fast 615 0$aStatistics 615 7$aAnnuaires. 615 7$aPays tiers. 615 7$aStatistique internationale. 615 7$astatistics. 615 7$aagricultural statistics. 615 7$anational statistics. 615 7$apopulation statistics. 615 7$aelection. 615 7$aeconomic statistics. 615 7$afinancial statistics. 615 7$aculture. 615 7$aEU Member State. 615 7$astatistique. 615 7$astatistique agricole. 615 7$astatistique nationale. 615 7$astatistique démographique. 615 7$aélection. 615 7$astatistique économique. 615 7$astatistique financière. 615 7$aculture. 615 7$aÉtat membre UE. 615 7$aStatistics. 615 7$aCompetition, International$xHistory$xStatistics 615 7$aGeography 615 7$aGeography 615 7$aPopulation 615 17$aSTATISTICS. 615 17$aGERMANY. 676 $a314.3 712 02$aGermany (West).$bStatistisches Bundesamt. 712 02$aGermany.$bStatistisches Bundesamt. 906 $aJOURNAL 912 $a9910895215903321 920 $aexl_impl conversion 996 $aStatistisches Jahrbuch ... für das Ausland$92045143 997 $aUNINA